[Event "7th Arber Senior Cup"]
[Site "chess24.com"]
[Date "2019.07.31"]
[Round "5"]
[White "Trinkl, Andreas"]
[Black "Korte, Markus"]
[Result "0-1"]
[Board "9"]
[WhiteElo "1620"]
[WhiteCountry "GER"]
[WhiteFideId "1270682"]
[WhiteEloChange "-2"]
[BlackElo "2028"]
[BlackCountry "GER"]
[BlackFideId "4615620"]
[BlackEloChange "2"]

1. e4 {[%clk 2:10:55]} e5 {[%clk 2:10:30]} 2. Bc4 {[%clk 2:09:42]} Nf6 {[%clk
2:10:51]} 3. Nc3 {[%clk 2:10:03]} Bc5 {[%clk 2:08:23]} 4. d3 {[%clk 2:09:19]} c6
{[%clk 2:07:01]} 5. Nf3 {[%clk 2:07:24]} d6 {[%clk 2:03:14]} 6. O-O {[%clk
2:07:15]} O-O {[%clk 1:53:17]} 7. h3 {[%clk 2:06:50]} h6 {[%clk 1:52:28]} 8. Qe2
{[%clk 2:02:06]} Qe7 {[%clk 1:43:14]} 9. Bb3 {[%clk 2:00:21]} Be6 {[%clk
1:41:53]} 10. Be3 {[%clk 1:47:48]} Bb4 {[%clk 1:37:42]} 11. Nh2 {[%clk 1:39:18]}
d5 {[%clk 1:31:34]} 12. Bd2 {[%clk 1:39:18]} Nbd7 {[%clk 1:28:44]} 13. exd5
{[%clk 1:14:31]} cxd5 {[%clk 1:23:28]} 14. Rad1 {[%clk 1:07:07]} Rac8 {[%clk
1:20:42]} 15. f4 {[%clk 1:00:32]} exf4 {[%clk 1:05:59]} 16. Rxf4 {[%clk 0:50:08]}
Bd6 {[%clk 0:59:29]} 17. Rff1 {[%clk 0:49:28]} Bc5+ {[%clk 0:52:18]} 18. Kh1
{[%clk 0:49:04]} Rfe8 {[%clk 0:47:17]} 19. Rde1 {[%clk 0:44:46]} Qd6 {[%clk
0:40:50]} 20. Bf4 {[%clk 0:39:23]} Qc6 {[%clk 0:35:54]} 21. Qf3 {[%clk 0:33:58]}
Bb4 {[%clk 0:31:41]} 22. Re2 {[%clk 0:29:51]} a6 {[%clk 0:29:29]} 23. Nd1 {[%clk
0:25:44]} Bd6 {[%clk 0:27:54]} 24. Bxd6 {[%clk 0:18:46]} Qxd6 {[%clk 0:28:16]}
25. Rfe1 {[%clk 0:17:54]} Nf8 {[%clk 0:23:38]} 26. c3 {[%clk 0:15:35]} Ng6 {[%clk
0:23:50]} 27. Nf1 {[%clk 0:14:07]} Red8 {[%clk 0:18:47]} 28. d4 {[%clk 0:12:41]}
Ne4 {[%clk 0:14:55]} 29. Nf2 {[%clk 0:12:26]} Ng5 {[%clk 0:07:26]} 30. Qg3 {[%clk
0:11:09]} Nf4 {[%clk 0:06:12]} 31. Re3 {[%clk 0:10:33]} Bf5 {[%clk 0:05:12]} 32.
Re5 {[%clk 0:09:11]} Nh5 {[%clk 0:05:01]} 33. Qh2 {[%clk 0:09:11]} Be6 {[%clk
0:05:01]} 34. Bxd5 {[%clk 0:07:09]} Kh7 {[%clk 0:02:51]} 35. Bxe6 {[%clk
0:06:50]} fxe6 {[%clk 0:02:58]} 36. Ne4 {[%clk 0:06:22]} Nxe4 {[%clk 0:03:17]}
37. R1xe4 {[%clk 0:06:09]} Nf6 {[%clk 0:03:36]} 38. Re2 {[%clk 0:05:40]} Re8
{[%clk 0:03:34]} 39. Nd2 {[%clk 0:03:30]} b5 {[%clk 0:03:34]} 40. a3 {[%clk
0:03:30]} Nd7 {[%clk 0:03:16]} 41. R5e3 {[%clk 0:03:41]} Qd5 {[%clk 0:03:21]} 42.
Nf3 {[%clk 0:03:52]} a5 {[%clk 0:03:03]} 43. Ne5 {[%clk 0:03:47]} Nf6 {[%clk
0:03:18]} 44. Qg1 {[%clk 0:03:56]} b4 {[%clk 0:03:42]} 45. axb4 {[%clk 0:03:55]}
axb4 {[%clk 0:04:07]} 46. Qe1 {[%clk 0:04:04]} b3 {[%clk 0:04:21]} 47. Qb1+
{[%clk 0:03:47]} Kg8 {[%clk 0:04:36]} 48. Qg6 {[%clk 0:03:39]} Re7 {[%clk
0:04:36]} 49. Nd3 {[%clk 0:03:41]} Ra8 {[%clk 0:04:41]} 50. Nb4 {[%clk 0:02:52]}
Qd6 {[%clk 0:04:41]} 51. Re1 {[%clk 0:03:08]} Ra5 {[%clk 0:03:13]} 52. Qg3 {[%clk
0:02:01]} Qd7 {[%clk 0:02:54]} 53. Re5 {[%clk 0:02:05]} Rxe5 {[%clk 0:02:16]} 54.
Qxe5 {[%clk 0:02:31]} Qe8 {[%clk 0:02:15]} 55. Ra1 {[%clk 0:02:38]} Qg6 {[%clk
0:02:33]} 56. Kh2 {[%clk 0:01:40]} h5 {[%clk 0:01:49]} 57. Nc6 {[%clk 0:01:19]}
Re8 {[%clk 0:01:57]} 58. Qe1 {[%clk 0:01:33]} Ne4 {[%clk 0:02:09]} 59. Ne5 {[%clk
0:01:53]} Qf5 {[%clk 0:02:11]} 60. Qf1 {[%clk 0:02:03]} Nf2 {[%clk 0:02:20]} 61.
Nf3 {[%clk 0:01:56]} Qf4+ {[%clk 0:02:05]} 62. Kg1 {[%clk 0:01:55]} Ne4 {[%clk
0:02:16]} 63. Ra7 {[%clk 0:01:41]} Qe3+ {[%clk 0:02:32]} 64. Kh2 {[%clk 0:01:34]}
Rf8 {[%clk 0:02:41]} 65. Ra1 {[%clk 0:01:34]} 0-1

[Event "7th Arber Senior Cup"]
[Site "chess24.com"]
[Date "2019.07.31"]
[Round "5"]
[White "Augustin, Christian"]
[Black "Busch, Joerg"]
[Result "1/2-1/2"]
[Board "14"]
[WhiteElo "1971"]
[WhiteCountry "GER"]
[WhiteFideId "4659295"]
[WhiteEloChange "-3"]
[BlackElo "1851"]
[BlackCountry "GER"]
[BlackFideId "4640241"]
[BlackEloChange "3"]

1. b3 {[%clk 2:10:54]} d5 {[%clk 2:10:31]} 2. e3 {[%clk 2:11:01]} Bf5 {[%clk
2:10:15]} 3. Bb2 {[%clk 2:11:16]} e6 {[%clk 2:10:21]} 4. Ne2 {[%clk 2:11:25]} Nf6
{[%clk 2:09:33]} 5. d3 {[%clk 2:11:15]} Nbd7 {[%clk 2:08:23]} 6. Nd2 {[%clk
2:10:26]} c6 {[%clk 2:07:59]} 7. a3 {[%clk 2:10:43]} Qc7 {[%clk 2:03:41]} 8. g3
{[%clk 2:09:16]} Be7 {[%clk 1:56:04]} 9. Bg2 {[%clk 2:08:04]} O-O {[%clk
1:56:14]} 10. h3 {[%clk 2:08:16]} Rad8 {[%clk 1:49:32]} 11. O-O {[%clk 2:05:04]}
h6 {[%clk 1:46:53]} 12. Re1 {[%clk 1:42:49]} Rfe8 {[%clk 1:46:24]} 13. Rc1 {[%clk
1:35:40]} Qb8 {[%clk 1:36:38]} 14. Nf3 {[%clk 1:28:29]} Bg6 {[%clk 1:32:06]} 15.
b4 {[%clk 1:24:14]} a6 {[%clk 1:29:08]} 16. Qd2 {[%clk 1:22:12]} Bd6 {[%clk
1:22:13]} 17. Red1 {[%clk 1:16:04]} Be7 {[%clk 1:15:18]} 18. Ned4 {[%clk
1:09:29]} Nb6 {[%clk 1:12:48]} 1/2-1/2

[Event "7th Arber Senior Cup"]
[Site "chess24.com"]
[Date "2019.07.31"]
[Round "5"]
[White "Ketzscher, Roland"]
[Black "Berger, Siegfried"]
[Result "1-0"]
[Board "21"]
[WhiteElo "1917"]
[WhiteCountry "GER"]
[WhiteFideId "4652754"]
[WhiteEloChange "2"]
[BlackElo "1548"]
[BlackCountry "GER"]
[BlackFideId "12905828"]
[BlackEloChange "-2"]

1. d4 {[%clk 2:10:03]} d5 {[%clk 2:10:46]} 2. c4 {[%clk 2:10:28]} e6 {[%clk
2:10:33]} 3. Nc3 {[%clk 2:10:41]} Nf6 {[%clk 2:10:01]} 4. Bg5 {[%clk 2:10:43]}
Be7 {[%clk 2:09:46]} 5. Nf3 {[%clk 2:11:06]} O-O {[%clk 2:07:25]} 6. e3 {[%clk
2:11:30]} Ne8 {[%clk 2:03:28]} 7. Bxe7 {[%clk 2:11:10]} Qxe7 {[%clk 2:03:48]} 8.
cxd5 {[%clk 2:11:23]} exd5 {[%clk 2:02:17]} 9. Nxd5 {[%clk 2:11:44]} Qd6 {[%clk
2:00:02]} 10. Nc3 {[%clk 2:11:25]} Bg4 {[%clk 1:58:34]} 11. Be2 {[%clk 2:11:47]}
Nf6 {[%clk 1:57:50]} 12. O-O {[%clk 2:11:25]} Re8 {[%clk 1:55:40]} 13. Rc1 {[%clk
2:10:37]} a6 {[%clk 1:53:01]} 14. Qc2 {[%clk 2:09:16]} Nbd7 {[%clk 1:52:18]} 15.
Rfd1 {[%clk 2:09:17]} Rac8 {[%clk 1:49:23]} 16. e4 {[%clk 2:07:15]} Nh5 {[%clk
1:43:39]} 17. Qd2 {[%clk 2:00:13]} Rcd8 {[%clk 1:38:12]} 18. e5 {[%clk 1:54:56]}
Qf8 {[%clk 1:35:02]} 19. h3 {[%clk 1:52:47]} Bxf3 {[%clk 1:32:57]} 20. Bxf3
{[%clk 1:53:11]} g6 {[%clk 1:31:51]} 21. Bxh5 {[%clk 1:52:52]} gxh5 {[%clk
1:32:05]} 22. Qg5+ {[%clk 1:53:00]} Kh8 {[%clk 1:32:13]} 23. Ne4 {[%clk 1:46:06]}
f5 {[%clk 1:22:29]} 24. Ng3 {[%clk 1:45:48]} f4 {[%clk 1:18:59]} 25. Nxh5 {[%clk
1:45:52]} c6 {[%clk 1:18:43]} 26. Nxf4 {[%clk 1:44:12]} Re7 {[%clk 1:17:16]} 27.
Qh4 {[%clk 1:40:48]} Kg8 {[%clk 1:14:55]} 28. Rd3 {[%clk 1:35:28]} Rde8 {[%clk
1:12:07]} 29. Rg3+ {[%clk 1:33:56]} Rg7 {[%clk 1:11:13]} 30. Rxg7+ {[%clk
1:34:10]} Qxg7 {[%clk 1:10:51]} 31. Rc3 {[%clk 1:34:23]} Qf7 {[%clk 1:08:39]} 32.
Rg3+ {[%clk 1:33:46]} Kh8 {[%clk 1:08:49]} 33. e6 {[%clk 1:32:41]} Qf5 {[%clk
1:08:36]} 34. exd7 {[%clk 1:32:13]} Re1+ {[%clk 1:08:12]} 35. Kh2 {[%clk
1:32:37]} Qxd7 {[%clk 1:08:11]} 36. Ng6+ {[%clk 1:32:37]} 1-0

[Event "7th Arber Senior Cup"]
[Site "chess24.com"]
[Date "2019.07.31"]
[Round "5"]
[White "Wacker, Manfred"]
[Black "Latzel, Wolfgang"]
[Result "0-1"]
[Board "23"]
[WhiteElo "1741"]
[WhiteCountry "GER"]
[WhiteFideId "12952850"]
[WhiteEloChange "-6"]
[BlackElo "1881"]
[BlackCountry "GER"]
[BlackFideId "4662270"]
[BlackEloChange "6"]

1. d4 {[%clk 2:10:55]} d6 {[%clk 2:10:53]} 2. c4 {[%clk 2:11:15]} g6 {[%clk
2:11:18]} 3. Nc3 {[%clk 2:11:01]} Bg7 {[%clk 2:11:42]} 4. e4 {[%clk 2:11:22]} Nc6
{[%clk 2:12:00]} 5. Be3 {[%clk 2:10:44]} e5 {[%clk 2:12:15]} 6. d5 {[%clk
2:06:35]} Nce7 {[%clk 2:12:24]} 7. f3 {[%clk 1:59:37]} f5 {[%clk 2:11:45]} 8. Bd3
{[%clk 1:58:45]} Nf6 {[%clk 2:12:05]} 9. exf5 {[%clk 1:55:00]} Nxf5 {[%clk
2:11:59]} 10. Bg5 {[%clk 1:54:36]} O-O {[%clk 2:05:42]} 11. Ne4 {[%clk 1:53:10]}
c5 {[%clk 2:05:38]} 12. Ne2 {[%clk 1:52:14]} Nd4 {[%clk 2:04:57]} 13. O-O {[%clk
1:50:24]} Qc7 {[%clk 2:01:34]} 14. Nxf6+ {[%clk 1:47:28]} Bxf6 {[%clk 2:01:45]}
15. Bh6 {[%clk 1:46:54]} Bg7 {[%clk 2:01:22]} 16. Qd2 {[%clk 1:44:25]} Nxe2+
{[%clk 1:40:47]} 17. Bxe2 {[%clk 1:44:16]} Bf5 {[%clk 1:41:11]} 18. Bg5 {[%clk
1:38:08]} Rae8 {[%clk 1:39:47]} 19. Kh1 {[%clk 1:30:59]} e4 {[%clk 1:30:57]} 20.
fxe4 {[%clk 1:29:55]} Rxe4 {[%clk 1:30:49]} 21. Rf4 {[%clk 1:22:43]} Rfe8 {[%clk
1:13:21]} 22. Rxe4 {[%clk 1:20:08]} Rxe4 {[%clk 1:12:32]} 23. Rf1 {[%clk
1:18:53]} Qd7 {[%clk 1:08:12]} 24. b3 {[%clk 1:17:45]} Qe8 {[%clk 1:07:39]} 25.
Bf3 {[%clk 1:15:18]} Rd4 {[%clk 1:04:21]} 26. Qe1 {[%clk 1:11:28]} Qxe1 {[%clk
0:54:15]} 27. Rxe1 {[%clk 1:11:51]} Be5 {[%clk 0:55:08]} 28. Kg1 {[%clk 1:10:01]}
b6 {[%clk 0:52:55]} 29. Be3 {[%clk 1:07:03]} Rd3 {[%clk 0:53:08]} 30. g4 {[%clk
1:03:39]} Bd7 {[%clk 0:51:25]} 31. Kg2 {[%clk 1:03:18]} Rc3 {[%clk 0:47:52]} 32.
Re2 {[%clk 0:59:36]} b5 {[%clk 0:46:02]} 33. Bxc5 {[%clk 0:48:14]} bxc4 {[%clk
0:43:01]} 34. Bxa7 {[%clk 0:44:37]} cxb3 {[%clk 0:35:18]} 35. axb3 {[%clk
0:44:17]} Rxb3 {[%clk 0:35:41]} 36. Re3 {[%clk 0:44:17]} Rb7 {[%clk 0:31:56]} 37.
Bc5 {[%clk 0:38:45]} Rb2+ {[%clk 0:31:56]} 0-1

[Event "7th Arber Senior Cup"]
[Site "chess24.com"]
[Date "2019.07.31"]
[Round "5"]
[White "Klimpel, Siegfried"]
[Black "Pisz, Bretislav"]
[Result "1-0"]
[Board "28"]
[WhiteElo "1843"]
[WhiteTeam "TSV Kareth-Lappersdorf"]
[WhiteCountry "GER"]
[WhiteFideId "1270271"]
[WhiteEloChange "4"]
[BlackElo "1599"]
[BlackTeam "TSCHECHIEN"]
[BlackCountry "CZE"]
[BlackFideId "341398"]
[BlackEloChange "-4"]

1. Nf3 {[%clk 2:10:30]} c5 {[%clk 2:10:30]} 2. e4 {[%clk 2:10:30]} Nc6 {[%clk
2:10:30]} 3. d4 {[%clk 2:10:30]} cxd4 {[%clk 2:10:30]} 4. c3 {[%clk 2:10:30]}
dxc3 {[%clk 2:10:30]} 5. Nxc3 {[%clk 2:10:30]} e6 {[%clk 2:10:30]} 6. Bc4 {[%clk
2:10:30]} a6 {[%clk 2:10:30]} 7. Bf4 {[%clk 2:10:30]} b5 {[%clk 2:10:30]} 8. Bb3
{[%clk 2:10:30]} Bb4 {[%clk 2:10:30]} 9. O-O {[%clk 2:10:30]} Na5 {[%clk
2:10:30]} 10. Rc1 {[%clk 2:10:30]} Bb7 {[%clk 2:10:30]} 11. Qd4 {[%clk 2:10:30]}
Nxb3 {[%clk 2:10:30]} 12. axb3 {[%clk 2:10:30]} Bf8 {[%clk 2:10:30]} 13. Rfe1
{[%clk 2:10:30]} b4 {[%clk 2:10:30]} 14. Nd5 {[%clk 2:10:30]} Bxd5 {[%clk
2:10:30]} 15. exd5 {[%clk 2:10:30]} Qf6 {[%clk 2:10:30]} 16. Be5 {[%clk 2:10:30]}
Qh6 {[%clk 2:10:30]} 17. Qa7 {[%clk 2:10:30]} Rd8 {[%clk 2:10:30]} 18. Qxa6
{[%clk 2:10:30]} f5 {[%clk 2:10:30]} 19. Bc7 {[%clk 2:10:30]} Be7 {[%clk
2:10:30]} 20. Bxd8 {[%clk 2:10:30]} Bxd8 {[%clk 2:10:30]} 21. dxe6 {[%clk
2:10:30]} Ne7 {[%clk 2:10:30]} 22. exd7+ {[%clk 2:10:30]} Kf7 {[%clk 2:10:30]}
23. Qc4+ {[%clk 2:10:30]} Kf8 {[%clk 2:10:30]} 24. Qxb4 {[%clk 2:10:30]} 1-0

[Event "7th Arber Senior Cup"]
[Site "chess24.com"]
[Date "2019.07.31"]
[Round "5"]
[White "Yon, Gregory"]
[Black "Braeu, Ludwig"]
[Result "0-1"]
[Board "29"]
[WhiteElo "1658"]
[WhiteTeam "Bergische SF"]
[WhiteCountry "GER"]
[WhiteFideId "12933945"]
[WhiteEloChange "-6"]
[BlackElo "1818"]
[BlackTeam "SK Marktoberdorf"]
[BlackCountry "GER"]
[BlackFideId "4671210"]
[BlackEloChange "6"]

1. d4 {[%clk 2:10:30]} c5 {[%clk 2:10:30]} 2. d5 {[%clk 2:10:30]} Nf6 {[%clk
2:10:30]} 3. Nc3 {[%clk 2:10:30]} g6 {[%clk 2:10:30]} 4. Nf3 {[%clk 2:10:30]} Bg7
{[%clk 2:10:30]} 5. Bf4 {[%clk 2:10:30]} d6 {[%clk 2:10:30]} 6. e4 {[%clk
2:10:30]} O-O {[%clk 2:10:30]} 7. Be2 {[%clk 2:10:30]} Na6 {[%clk 2:10:30]} 8.
O-O {[%clk 2:10:30]} Nc7 {[%clk 2:10:30]} 9. Qd2 {[%clk 2:10:30]} Rb8 {[%clk
2:10:30]} 10. a4 {[%clk 2:10:30]} b6 {[%clk 2:10:30]} 11. Bh6 {[%clk 2:10:30]} a6
{[%clk 2:10:30]} 12. Bxg7 {[%clk 2:10:30]} Kxg7 {[%clk 2:10:30]} 13. h3 {[%clk
2:10:30]} b5 {[%clk 2:10:30]} 14. e5 {[%clk 2:10:30]} Nfe8 {[%clk 2:10:30]} 15.
axb5 {[%clk 2:10:30]} axb5 {[%clk 2:10:30]} 16. Ra7 {[%clk 2:10:30]} b4 {[%clk
2:10:30]} 17. exd6 {[%clk 2:10:30]} exd6 {[%clk 2:10:30]} 18. Ne4 {[%clk
2:10:30]} Nb5 {[%clk 2:10:30]} 19. Bxb5 {[%clk 2:10:30]} Rxb5 {[%clk 2:10:30]}
20. c4 {[%clk 2:10:30]} bxc3 {[%clk 2:10:30]} 21. Qxc3+ {[%clk 2:10:30]} Kg8
{[%clk 2:10:30]} 22. Rfa1 {[%clk 2:10:30]} Rb4 {[%clk 2:10:30]} 23. Nfd2 {[%clk
2:10:30]} f5 {[%clk 2:10:30]} 24. Ng3 {[%clk 2:10:30]} Qf6 {[%clk 2:10:30]} 25.
Ra8 {[%clk 2:10:30]} Rxb2 {[%clk 2:10:30]} 26. Qxf6 {[%clk 2:10:30]} Nxf6 {[%clk
2:10:30]} 27. Nc4 {[%clk 2:10:30]} Rb4 {[%clk 2:10:30]} 28. Nxd6 {[%clk 2:10:30]}
Bb7 {[%clk 2:10:30]} 29. Nxb7 {[%clk 2:10:30]} Rxb7 {[%clk 2:10:30]} 30. Rxf8+
{[%clk 2:10:30]} Kxf8 {[%clk 2:10:30]} 31. Rc1 {[%clk 2:10:30]} Rc7 {[%clk
2:10:30]} 32. d6 {[%clk 2:10:30]} Rc6 {[%clk 2:10:30]} 33. h4 {[%clk 2:10:30]}
Ke8 {[%clk 2:10:30]} 34. h5 {[%clk 2:10:30]} Kd7 {[%clk 2:10:30]} 35. hxg6 {[%clk
2:10:30]} hxg6 {[%clk 2:10:30]} 36. Ne2 {[%clk 2:10:30]} Kxd6 {[%clk 2:10:30]}
37. Nf4 {[%clk 2:10:30]} g5 {[%clk 2:10:30]} 38. Rd1+ {[%clk 2:10:30]} Kc7 {[%clk
2:10:30]} 39. Ng6 {[%clk 2:10:30]} c4 {[%clk 2:10:30]} 40. Ne7 {[%clk 2:10:30]}
Rc5 {[%clk 2:10:30]} 41. f3 {[%clk 2:10:30]} c3 {[%clk 2:10:30]} 42. Rc1 {[%clk
2:10:30]} f4 {[%clk 2:10:30]} 43. Kf2 {[%clk 2:10:30]} Kd6 {[%clk 2:10:30]} 44.
Ng6 {[%clk 2:10:30]} c2 {[%clk 2:10:30]} 45. Nh8 {[%clk 2:10:30]} Kd5 {[%clk
2:10:30]} 46. Ke2 {[%clk 2:10:30]} Kd4 {[%clk 2:10:30]} 47. Kd2 {[%clk 2:10:30]}
Rc7 {[%clk 2:10:30]} 48. Rxc2 {[%clk 2:10:30]} Rxc2+ {[%clk 2:10:30]} 49. Kxc2
{[%clk 2:10:30]} Ke3 {[%clk 2:10:30]} 50. Nf7 {[%clk 2:10:30]} Nh7 {[%clk
2:10:30]} 51. Ne5 {[%clk 2:10:30]} Kf2 {[%clk 2:10:30]} 52. Kd2 {[%clk 2:10:30]}
Kxg2 {[%clk 2:10:30]} 53. Kd3 {[%clk 2:10:30]} Nf6 {[%clk 2:10:30]} 54. Ke2
{[%clk 2:10:30]} Kg3 {[%clk 2:10:30]} 55. Nd3 {[%clk 2:10:30]} Nd5 {[%clk
2:10:30]} 56. Ne5 {[%clk 2:10:30]} Ne3 {[%clk 2:10:30]} 57. Nd3 {[%clk 2:10:30]}
Nf5 {[%clk 2:10:30]} 58. Ne1 {[%clk 2:10:30]} Nd4+ {[%clk 2:10:30]} 59. Kf1
{[%clk 2:10:30]} Nxf3 {[%clk 2:10:30]} 60. Nd3 {[%clk 2:10:30]} g4 {[%clk
2:10:30]} 61. Nc1 {[%clk 2:10:30]} Nd4 {[%clk 2:10:30]} 62. Nd3 {[%clk 2:10:30]}
f3 {[%clk 2:10:30]} 63. Kg1 {[%clk 2:10:30]} Nc2 {[%clk 2:10:30]} 64. Kf1 {[%clk
2:10:30]} Ne3+ {[%clk 2:10:30]} 65. Kg1 {[%clk 2:10:30]} Nd1 {[%clk 2:10:30]} 66.
Kf1 {[%clk 2:10:30]} f2 {[%clk 2:10:30]} 67. Ke2 {[%clk 2:10:30]} Kg2 {[%clk
2:10:30]} 68. Nxf2 {[%clk 2:10:30]} Nxf2 {[%clk 2:10:30]} 0-1

[Event "7th Arber Senior Cup"]
[Site "chess24.com"]
[Date "2019.07.31"]
[Round "5"]
[White "Boldt, Heinrich"]
[Black "Glatz, Volker"]
[Result "1-0"]
[Board "30"]
[WhiteElo "1803"]
[WhiteTeam "TSV Kareth-Lappersdorf"]
[WhiteCountry "GER"]
[WhiteFideId "4644220"]
[WhiteEloChange "3"]
[BlackElo "1515"]
[BlackTeam "SC Bayerwald"]
[BlackCountry "GER"]
[BlackFideId "12973645"]
[BlackEloChange "-3"]

1. d4 {[%clk 2:10:30]} Nf6 {[%clk 2:10:30]} 2. Bf4 {[%clk 2:10:30]} b6 {[%clk
2:10:30]} 3. Nf3 {[%clk 2:10:30]} Bb7 {[%clk 2:10:30]} 4. e3 {[%clk 2:10:30]} d6
{[%clk 2:10:30]} 5. Nc3 {[%clk 2:10:30]} a6 {[%clk 2:10:30]} 6. Bd3 {[%clk
2:10:30]} h6 {[%clk 2:10:30]} 7. h3 {[%clk 2:10:30]} e6 {[%clk 2:10:30]} 8. e4
{[%clk 2:10:30]} Nbd7 {[%clk 2:10:30]} 9. Qd2 {[%clk 2:10:30]} Be7 {[%clk
2:10:30]} 10. g4 {[%clk 2:10:30]} Nh7 {[%clk 2:10:30]} 11. h4 {[%clk 2:10:30]} f6
{[%clk 2:10:30]} 12. O-O-O {[%clk 2:10:30]} c5 {[%clk 2:10:30]} 13. g5 {[%clk
2:10:30]} cxd4 {[%clk 2:10:30]} 14. Nxd4 {[%clk 2:10:30]} Nc5 {[%clk 2:10:30]}
15. Be3 {[%clk 2:10:30]} fxg5 {[%clk 2:10:30]} 16. Rdg1 {[%clk 2:10:30]} Bf6
{[%clk 2:10:30]} 17. hxg5 {[%clk 2:10:30]} Bxd4 {[%clk 2:10:30]} 18. Bxd4 {[%clk
2:10:30]} e5 {[%clk 2:10:30]} 19. Bxc5 {[%clk 2:10:30]} bxc5 {[%clk 2:10:30]} 20.
gxh6 {[%clk 2:10:30]} gxh6 {[%clk 2:10:30]} 21. Rxh6 {[%clk 2:10:30]} Kd7 {[%clk
2:10:30]} 22. Rg7+ {[%clk 2:10:30]} Kc6 {[%clk 2:10:30]} 23. Rhxh7 {[%clk
2:10:30]} Rxh7 {[%clk 2:10:30]} 24. Rxh7 {[%clk 2:10:30]} Qf6 {[%clk 2:10:30]}
25. Nd5 {[%clk 2:10:30]} Qf3 {[%clk 2:10:30]} 26. Rc7# {[%clk 2:10:30]} 1-0

[Event "7th Arber Senior Cup"]
[Site "chess24.com"]
[Date "2019.07.31"]
[Round "5"]
[White "Nusser, Hans-Karl, Dr."]
[Black "Moser, Andreas"]
[Result "1/2-1/2"]
[Board "31"]
[WhiteElo "1601"]
[WhiteTeam "Muenchener SC"]
[WhiteCountry "GER"]
[WhiteFideId "16226399"]
[WhiteEloChange "3"]
[BlackElo "1693"]
[BlackTeam "SC Pasing"]
[BlackCountry "GER"]
[BlackFideId "24627178"]
[BlackEloChange "-3"]

1. d4 {[%clk 2:10:30]} Nf6 {[%clk 2:10:30]} 2. c4 {[%clk 2:10:30]} g6 {[%clk
2:10:30]} 3. Nc3 {[%clk 2:10:30]} Bg7 {[%clk 2:10:30]} 4. e4 {[%clk 2:10:30]} d6
{[%clk 2:10:30]} 5. Nf3 {[%clk 2:10:30]} c6 {[%clk 2:10:30]} 6. Be2 {[%clk
2:10:30]} Nbd7 {[%clk 2:10:30]} 7. O-O {[%clk 2:10:30]} O-O {[%clk 2:10:30]} 8.
Be3 {[%clk 2:10:30]} e5 {[%clk 2:10:30]} 9. d5 {[%clk 2:10:30]} c5 {[%clk
2:10:30]} 10. Rb1 {[%clk 2:10:30]} a6 {[%clk 2:10:30]} 11. Qc2 {[%clk 2:10:30]}
h6 {[%clk 2:10:30]} 12. Rfc1 {[%clk 2:10:30]} Nh7 {[%clk 2:10:30]} 13. Nd2 {[%clk
2:10:30]} Ndf6 {[%clk 2:10:30]} 14. a3 {[%clk 2:10:30]} Ng4 {[%clk 2:10:30]} 15.
Bxg4 {[%clk 2:10:30]} Bxg4 {[%clk 2:10:30]} 16. b4 {[%clk 2:10:30]} b6 {[%clk
2:10:30]} 17. bxc5 {[%clk 2:10:30]} bxc5 {[%clk 2:10:30]} 18. Rb7 {[%clk
2:10:30]} Rb8 {[%clk 2:10:30]} 19. Rcb1 {[%clk 2:10:30]} Rxb7 {[%clk 2:10:30]}
20. Rxb7 {[%clk 2:10:30]} Bc8 {[%clk 2:10:30]} 21. Rb8 {[%clk 2:10:30]} Nf6
{[%clk 2:10:30]} 22. f3 {[%clk 2:10:30]} Nd7 {[%clk 2:10:30]} 23. Rb2 {[%clk
2:10:30]} f5 {[%clk 2:10:30]} 24. Qb1 {[%clk 2:10:30]} f4 {[%clk 2:10:30]} 25.
Bf2 {[%clk 2:10:30]} Nf6 {[%clk 2:10:30]} 26. Rb8 {[%clk 2:10:30]} Qa5 {[%clk
2:10:30]} 27. Qb2 {[%clk 2:10:30]} Nd7 {[%clk 2:10:30]} 28. Rb3 {[%clk 2:10:30]}
g5 {[%clk 2:10:30]} 29. Nd1 {[%clk 2:10:30]} Nf6 {[%clk 2:10:30]} 30. Rb6 {[%clk
2:10:30]} Qa4 {[%clk 2:10:30]} 31. Qb1 {[%clk 2:10:30]} Qd7 {[%clk 2:10:30]} 32.
Be1 {[%clk 2:10:30]} g4 {[%clk 2:10:30]} 33. Nc3 {[%clk 2:10:30]} gxf3 {[%clk
2:10:30]} 34. Nxf3 {[%clk 2:10:30]} 1/2-1/2

[Event "7th Arber Senior Cup"]
[Site "chess24.com"]
[Date "2019.07.31"]
[Round "5"]
[White "Voeller, Lothar"]
[Black "Sagner, Guenter"]
[Result "0-1"]
[Board "32"]
[WhiteElo "1666"]
[WhiteTeam "FS Dortmund"]
[WhiteCountry "GER"]
[WhiteFideId "24616010"]
[WhiteEloChange "-9"]
[BlackElo "1696"]
[BlackTeam "SC Bayerwald"]
[BlackCountry "GER"]
[BlackFideId "12973629"]
[BlackEloChange "9"]

1. c4 {[%clk 2:10:30]} Nf6 {[%clk 2:10:30]} 2. Nc3 {[%clk 2:10:30]} c5 {[%clk
2:10:30]} 3. g3 {[%clk 2:10:30]} Nc6 {[%clk 2:10:30]} 4. Bg2 {[%clk 2:10:30]} e6
{[%clk 2:10:30]} 5. e3 {[%clk 2:10:30]} d5 {[%clk 2:10:30]} 6. cxd5 {[%clk
2:10:30]} exd5 {[%clk 2:10:30]} 7. Nge2 {[%clk 2:10:30]} d4 {[%clk 2:10:30]} 8.
Bxc6+ {[%clk 2:10:30]} bxc6 {[%clk 2:10:30]} 9. exd4 {[%clk 2:10:30]} cxd4 {[%clk
2:10:30]} 10. Na4 {[%clk 2:10:30]} Qd5 {[%clk 2:10:30]} 11. O-O {[%clk 2:10:30]}
Bd6 {[%clk 2:10:30]} 12. d3 {[%clk 2:10:30]} Bh3 {[%clk 2:10:30]} 13. f3 {[%clk
2:10:30]} Bxf1 {[%clk 2:10:30]} 14. Qxf1 {[%clk 2:10:30]} O-O {[%clk 2:10:30]}
15. b3 {[%clk 2:10:30]} c5 {[%clk 2:10:30]} 16. Nb2 {[%clk 2:10:30]} Nd7 {[%clk
2:10:30]} 17. Bd2 {[%clk 2:10:30]} Ne5 {[%clk 2:10:30]} 18. Kg2 {[%clk 2:10:30]}
Ng6 {[%clk 2:10:30]} 19. Nc4 {[%clk 2:10:30]} Bc7 {[%clk 2:10:30]} 20. Rb1 {[%clk
2:10:30]} a5 {[%clk 2:10:30]} 21. Ng1 {[%clk 2:10:30]} Ne5 {[%clk 2:10:30]} 22.
Rc1 {[%clk 2:10:30]} f5 {[%clk 2:10:30]} 23. h4 {[%clk 2:10:30]} Nxc4 {[%clk
2:10:30]} 24. Rxc4 {[%clk 2:10:30]} h5 {[%clk 2:10:30]} 25. Qc1 {[%clk 2:10:30]}
Bb6 {[%clk 2:10:30]} 26. Ne2 {[%clk 2:10:30]} Qd6 {[%clk 2:10:30]} 27. Bf4 {[%clk
2:10:30]} Qe6 {[%clk 2:10:30]} 28. Qf1 {[%clk 2:10:30]} Rfe8 {[%clk 2:10:30]} 29.
Rc2 {[%clk 2:10:30]} a4 {[%clk 2:10:30]} 30. Bg5 {[%clk 2:10:30]} axb3 {[%clk
2:10:30]} 31. Nf4 {[%clk 2:10:30]} bxa2 {[%clk 2:10:30]} 32. Qa1 {[%clk 2:10:30]}
Qb3 {[%clk 2:10:30]} 33. Rb2 {[%clk 2:10:30]} Qxb2+ {[%clk 2:10:30]} 34. Qxb2
{[%clk 2:10:30]} a1Q {[%clk 2:10:30]} 35. Qxb6 {[%clk 2:10:30]} Ra2+ {[%clk
2:10:30]} 0-1